Datum a čas kvízu
25.5
Celkem bodů
Celkový počet nahraných bodů na tomto kvízu bez doplňovacích otázek.
6.
Pořadí na kvízu
Konečné umístění týmu na tomto kvízu.
Zaznamenané odpovědi
| # | Otázka | Odpověď | Body | Výsledky |
|---|---|---|---|---|
| 1. | Zlidovělý výraz Andreje Babiše... | 0 | ||
| 2. | Francouzský prezident Emmanuel... | 1 | ||
| 3. | Unikátní hliněnou figurku z pr... | 1 | ||
| 4. | Desítky nových "hackerů" ročně... | 0 | ||
| 5. | Vedení české extraligy v jisté... | 1 | ||
| 6. | Košile patří k základním typům... | 1 | ||
| 7. | Dámská obdoba košile se nejčas... | 0 | ||
| 8. | Jak se jmenuje tento politik,... | 0 | ||
| 9. | Ze kterého česko-německého tel... | 0 | ||
| 10. | Polotriko, zkráceně polo, je j... | 0 |